[Event "NWFD Ch 2019 Men"]
[Site "St. Petersburg"]
[Date "2019.03.09"]
[Round "3.1"]
[White "Rozum, Ivan"]
[Black "Cherepanov, Vladislav"]
[Result "1/2-1/2"]
[WhiteElo "2573"]
[BlackElo "2302"]
[PlyCount "92"]
[EventDate "2019.03.07"]

1. Nf3 Nf6 2. g3 g6 3. b3 Bg7 4. Bb2 O-O 5. Bg2 d6 6. d4 a5 7. a4 c6 8. Nbd2 d5
9. O-O Na6 10. Re1 Ne4 11. Ne5 f5 12. f3 Bxe5 13. dxe5 Qb6+ 14. e3 Nxd2 15.
Qxd2 Be6 16. h4 Kg7 17. Kh2 Rad8 18. Qd4 Qxd4 19. exd4 b6 20. c3 Kf7 21. Bf1
Ra8 22. Ba3 Rfc8 23. Rec1 c5 24. Bb5 cxd4 25. cxd4 Nb4 26. Bxb4 axb4 27. Bc6
Ra7 28. Bxd5 Rac7 29. Rxc7 Rxc7 30. Bxe6+ Kxe6 31. a5 bxa5 32. Rxa5 Rc2+ 33.
Kh3 Rd2 34. Rb5 Rxd4 35. f4 Kf7 36. h5 g5 37. fxg5 Rg4 38. h6 Rxg5 39. Rxb4 Rg6
40. Kh4 Rxh6+ 41. Kg5 Rg6+ 42. Kxf5 Rxg3 43. e6+ Kg7 44. Rb7 Rf3+ 45. Ke4 Rh3
46. Rxe7+ Kf6 1/2-1/2

[Event "NWFD Ch 2019 Men"]
[Site "St. Petersburg"]
[Date "2019.03.09"]
[Round "3.2"]
[White "Rudenko, Naum"]
[Black "Solozhenkin, Evgeniy"]
[Result "1/2-1/2"]
[WhiteElo "2231"]
[BlackElo "2460"]
[PlyCount "111"]
[EventDate "2019.03.07"]

1. e4 c5 2. a3 g6 3. b4 Bg7 4. Nc3 d6 5. Bb2 Nf6 6. Rb1 O-O 7. Nf3 Nc6 8. bxc5
dxc5 9. h3 b6 10. Bc4 Na5 11. Ba2 Bb7 12. d3 c4 13. O-O cxd3 14. cxd3 Ba6 15.
e5 Nh5 16. Bc1 Bxd3 17. g4 Rc8 18. Nb5 Bxb1 19. Bxb1 Qxd1 20. Rxd1 Rxc1 21.
Rxc1 Nf4 22. Rc7 Rd8 23. Be4 a6 24. Nc3 e6 25. a4 Nxh3+ 26. Kg2 Nf4+ 27. Kg3
Nd5 28. Nxd5 exd5 29. Bd3 Re8 30. Bxa6 Bxe5+ 31. Nxe5 Rxe5 32. Rc8+ Kg7 33. Rb8
Re4 34. Bb5 Nc4 35. f3 Rd4 36. f4 Rd3+ 37. Kf2 Ra3 38. Rb7 h5 39. gxh5 gxh5 40.
Rd7 Ne3 41. Kg3 Ng4+ 42. Kh4 Nf6 43. Rd6 Rf3 44. Rxb6 Rxf4+ 45. Kg5 Rg4+ 46.
Kf5 Rg2 47. a5 h4 48. Bc6 h3 49. Rb3 h2 50. Rh3 Ra2 51. Bb7 Rxa5 52. Rxh2 d4+
53. Kf4 Ra7 54. Bf3 Ra4 55. Rd2 Nd7 56. Bc6 1/2-1/2

[Event "NWFD Ch 2019 Men"]
[Site "St. Petersburg"]
[Date "2019.03.09"]
[Round "3.3"]
[White "Zaykov, Sergey"]
[Black "Samojlov, Anton"]
[Result "0-1"]
[WhiteElo "2138"]
[BlackElo "2332"]
[PlyCount "108"]
[EventDate "2019.03.07"]

1. c4 Nf6 2. Nc3 e5 3. g3 Bb4 4. Bg2 O-O 5. Nf3 Re8 6. O-O c6 7. d3 h6 8. a3
Bf8 9. e4 a5 10. d4 exd4 11. Nxd4 Na6 12. b3 Nc5 13. Qc2 d6 14. h3 Nfd7 15. Bb2
Ne5 16. Rad1 Qb6 17. f4 Ng6 18. Kh1 Be7 19. Rfe1 Bf6 20. Nce2 Nf8 21. Nc1 Bd7
22. Bc3 Qa6 23. Nd3 Nxd3 24. Qxd3 Rad8 25. Re2 Bc8 26. Red2 Be7 27. b4 Be6 28.
Nxe6 Nxe6 29. Bf1 axb4 30. axb4 Qb6 31. Qb1 Ra8 32. Qb2 Bf8 33. Bd3 Qe3 34. Kg2
Qa7 35. Bb1 Qa3 36. Qc2 Qa4 37. Qd3 g6 38. f5 Ng7 39. fxg6 fxg6 40. Bxg7 Bxg7
41. e5 Re6 42. exd6 Qxb4 43. d7 Rd8 44. Re2 Rxd7 45. Rxe6 Rxd3 46. Bxd3 Qb2+
47. Be2 Be5 48. Kf3 Kf7 49. Rxe5 Qxe5 50. Rd7+ Kf6 51. Rxb7 Qh5+ 52. Kf2 Qxh3
53. Bf3 Qf5 54. Rb6 Qc5+ 0-1

[Event "NWFD Ch 2019 Men"]
[Site "St. Petersburg"]
[Date "2019.03.09"]
[Round "3.4"]
[White "Nesterov, Arseniy"]
[Black "Ufimtsev, Egor"]
[Result "1-0"]
[WhiteElo "2412"]
[BlackElo "2148"]
[PlyCount "55"]
[EventDate "2019.03.07"]

1. d4 Nf6 2. c4 e6 3. Nf3 d5 4. Bg5 Bb4+ 5. Nbd2 dxc4 6. a3 Bxd2+ 7. Qxd2 O-O
8. Ne5 h6 9. Bh4 c5 10. dxc5 Qxd2+ 11. Kxd2 g5 12. Bg3 Nbd7 13. Nxd7 Bxd7 14.
f3 Rac8 15. Bd6 Rfe8 16. e4 Bb5 17. b4 b6 18. Kc3 bxc5 19. Bxc5 Rc7 20. a4 Ba6
21. Bd6 Rcc8 22. b5 Bb7 23. Be5 Nd7 24. Bd4 Nc5 25. Bxc4 Bd5 26. exd5 exd5 27.
Bxd5 Ne6+ 28. Bc6 1-0

[Event "NWFD Ch 2019 Men"]
[Site "St. Petersburg"]
[Date "2019.03.09"]
[Round "3.5"]
[White "Radkov, Bazhen D"]
[Black "Cherniaev, Alexander"]
[Result "0-1"]
[WhiteElo "2150"]
[BlackElo "2405"]
[PlyCount "66"]
[EventDate "2019.03.07"]

1. d4 f5 2. g3 Nf6 3. Bg2 g6 4. Nf3 Bg7 5. O-O O-O 6. b3 b6 7. Bb2 Bb7 8. c4 e6
9. Nbd2 a5 10. Rc1 Na6 11. a3 Qe7 12. Qc2 d6 13. Rfd1 Rae8 14. e3 Qd8 15. Ne1
Bxg2 16. Kxg2 e5 17. dxe5 dxe5 18. Nd3 e4 19. Nf4 g5 20. Nb1 Qe7 21. Bxf6 Qxf6
22. Nd5 Qf7 23. b4 axb4 24. axb4 c6 25. b5 cxd5 26. bxa6 d4 27. exd4 f4 28. c5
bxc5 29. dxc5 Qh5 30. Qb3+ Kh8 31. c6 f3+ 32. Kh1 Qh3 33. Rg1 Rf6 0-1

[Event "NWFD Ch 2019 Men"]
[Site "St. Petersburg"]
[Date "2019.03.09"]
[Round "3.6"]
[White "Gogolev, Artem"]
[Black "Shpak, Alexandr"]
[Result "1-0"]
[WhiteElo "2388"]
[BlackElo "2141"]
[PlyCount "77"]
[EventDate "2019.03.07"]

1. Nf3 Nf6 2. g3 g6 3. b3 Bg7 4. Bb2 O-O 5. Bg2 d6 6. d4 c5 7. dxc5 dxc5 8.
Qxd8 Rxd8 9. Nbd2 Nc6 10. O-O-O Bf5 11. h3 h5 12. Ne5 Nxe5 13. Bxe5 Rd7 14. Nc4
Bh6+ 15. e3 Be4 16. Rxd7 Bxg2 17. Bxf6 Bxh1 18. Rxe7 b5 19. Ne5 Bd5 20. g4 a5
21. Nd7 Bc6 22. g5 Bg7 23. Bxg7 Bxd7 24. Rxd7 Kxg7 25. a4 bxa4 26. bxa4 Re8 27.
Ra7 Re5 28. Rxa5 Rxg5 29. Rb5 Rg1+ 30. Kb2 c4 31. Rc5 Rf1 32. a5 Rxf2 33. a6
Rf6 34. Ra5 Rb6+ 35. Kc3 Rb8 36. a7 Ra8 37. Kxc4 f5 38. h4 Kf6 39. Kc5 1-0

[Event "NWFD Ch 2019 Men"]
[Site "St. Petersburg"]
[Date "2019.03.09"]
[Round "3.7"]
[White "Toivonen, Alexander V"]
[Black "Shoshin, Kirill"]
[Result "1-0"]
[WhiteElo "2304"]
[BlackElo "1811"]
[PlyCount "55"]
[EventDate "2019.03.07"]

1. d4 Nf6 2. Nf3 d5 3. Bf4 e6 4. e3 c5 5. c3 Nc6 6. Nbd2 Bd6 7. Bg3 O-O 8. Bd3
b6 9. Ne5 Qc7 10. f4 Ne7 11. Bh4 Ne8 12. Bxe7 Qxe7 13. O-O f6 14. Bxh7+ Kxh7
15. Qh5+ Kg8 16. Ng6 Qc7 17. Nf3 Ba6 18. Qh8+ Kf7 19. Nxf8 Bxf8 20. Ne5+ fxe5
21. fxe5+ Bxf1 22. Rxf1+ Nf6 23. exf6 Ke8 24. Qh3 Qd7 25. fxg7 Bxg7 26. Qh5+
Kd8 27. Rf7 Qe8 28. Qg5+ 1-0

[Event "NWFD Ch 2019 Men"]
[Site "St. Petersburg"]
[Date "2019.03.09"]
[Round "3.8"]
[White "Osetrov, Dmitrij"]
[Black "Osoblivi, Grigory"]
[Result "1/2-1/2"]
[WhiteElo "1775"]
[BlackElo "2222"]
[PlyCount "85"]
[EventDate "2019.03.07"]

1. d4 g6 2. c4 Bg7 3. Nf3 d6 4. g3 Nf6 5. Bg2 O-O 6. O-O c6 7. Nc3 Nbd7 8. e4
Qc7 9. Bd2 e5 10. d5 Nc5 11. Qe2 a5 12. Ne1 Re8 13. Nd3 Nfd7 14. Nxc5 Nxc5 15.
Be3 Bf8 16. Bxc5 dxc5 17. Qd2 Bd7 18. Rad1 Rad8 19. f4 Bg4 20. Bf3 Bh3 21. Bg2
Bg4 22. Rde1 f6 23. fxe5 fxe5 24. h3 Bc8 25. Rf3 Be7 26. Ref1 Rf8 27. Kh2 Rxf3
28. Rxf3 Rf8 29. Rd3 Rf6 30. Nd1 cxd5 31. exd5 Bf5 32. Ra3 b6 33. Re3 Bd6 34.
Nc3 Rf8 35. Nb5 Qe7 36. Re2 Kg7 37. Qe3 Re8 38. Be4 Bd7 39. Nc3 Rf8 40. Bf3 Bf5
41. Nb5 Re8 42. Be4 Bd7 43. Nc3 1/2-1/2

[Event "NWFD Ch 2019 Men"]
[Site "St. Petersburg"]
[Date "2019.03.09"]
[Round "3.9"]
[White "Makarov, Leonid"]
[Black "Karalkin, Maksim"]
[Result "1-0"]
[WhiteElo "2097"]
[BlackElo "2174"]
[PlyCount "77"]
[EventDate "2019.03.07"]

1. d4 d5 2. Bf4 Nf6 3. Nc3 Bf5 4. f3 e6 5. g4 Bg6 6. h4 h6 7. h5 Bh7 8. e3 Bd6
9. Nh3 c6 10. Bd3 Bxd3 11. Qxd3 Bxf4 12. exf4 Qd6 13. f5 Nbd7 14. O-O-O O-O-O
15. fxe6 fxe6 16. Rde1 Rde8 17. Ne2 e5 18. Ng3 exd4 19. Nf5 Qb4 20. Qd2 Rxe1+
21. Rxe1 Qxd2+ 22. Kxd2 Ne8 23. Nf4 Nef6 24. Nxg7 Rf8 25. Nf5 Ng8 26. Ng6 Rd8
27. Nxd4 c5 28. Nf5 Kc7 29. Nf4 Kb8 30. Re6 d4 31. Nxh6 Nxh6 32. Rxh6 Ne5 33.
Ne6 Re8 34. Rf6 Nd7 35. Rf7 Kc8 36. Ng7 Re3 37. Nf5 Re6 38. Re7 Rf6 39. h6 1-0

[Event "NWFD Ch 2019 Men"]
[Site "St. Petersburg"]
[Date "2019.03.09"]
[Round "3.10"]
[White "Suleymanyants, Odisey"]
[Black "Balakin, Vadim"]
[Result "1/2-1/2"]
[WhiteElo "2259"]
[BlackElo "2072"]
[PlyCount "99"]
[EventDate "2019.03.07"]

1. e4 Nf6 2. Nc3 e5 3. Nf3 d6 4. Bc4 Be6 5. d3 Be7 6. O-O c5 7. Bxe6 fxe6 8.
Ng5 Qd7 9. f4 exf4 10. Bxf4 Nc6 11. a3 O-O 12. Kh1 e5 13. Bd2 Nd4 14. Nf3 Rac8
15. Be3 b5 16. Nd2 a5 17. a4 b4 18. Nd5 Nxd5 19. Rxf8+ Rxf8 20. exd5 Qb7 21.
Nc4 Qxd5 22. Nxa5 Nf5 23. Qe2 e4 24. dxe4 Qxe4 25. Qc4+ Qxc4 26. Nxc4 d5 27. g4
dxc4 28. gxf5 Ra8 29. b3 cxb3 30. cxb3 c4 31. bxc4 Bf6 32. Rb1 Rxa4 33. c5 Ra1
34. Rxa1 Bxa1 35. c6 Be5 36. Bd4 Bc7 37. Kg2 Kf7 38. h3 b3 39. Kf3 Bb6 40. Bc3
Ke7 41. Bxg7 Kd6 42. Ke4 Kxc6 43. Be5 Bc5 44. f6 Kd7 45. Kf5 Ba3 46. h4 b2 47.
Bxb2 Bxb2 48. h5 Ke8 49. Ke6 Kf8 50. h6 1/2-1/2

[Event "NWFD Ch 2019 Men"]
[Site "St. Petersburg"]
[Date "2019.03.09"]
[Round "3.11"]
[White "Starkov, Valery"]
[Black "Petrushev, Nikita"]
[Result "0-1"]
[WhiteElo "2048"]
[BlackElo "2238"]
[PlyCount "82"]
[EventDate "2019.03.07"]

1. d4 d5 2. c4 c6 3. Nc3 Nf6 4. cxd5 cxd5 5. Bf4 Nc6 6. e3 a6 7. Bd3 Bg4 8. f3
Bh5 9. Nge2 e6 10. O-O Bg6 11. Rc1 Bd6 12. Bxd6 Qxd6 13. Nf4 O-O 14. Nxg6 hxg6
15. f4 Rfc8 16. Qe1 Qb4 17. Qf2 Rc7 18. Nd1 Rac8 19. a3 Qb6 20. b4 a5 21. b5
Ne7 22. Rxc7 Qxc7 23. Qd2 Ne8 24. g4 Nd6 25. h4 Nc4 26. Qc3 Qd7 27. Bxc4 Rxc4
28. Qxa5 e5 29. Nf2 exf4 30. exf4 Rxd4 31. Qa8+ Kh7 32. Re1 Nc8 33. Re5 Rxf4
34. h5 Qc7 35. Re8 Qc5 36. hxg6+ fxg6 37. Re2 Rxg4+ 38. Kf1 Qc1+ 39. Re1 Qc4+
40. Re2 Rg3 41. Qb8 Re3 0-1

[Event "NWFD Ch 2019 Men"]
[Site "St. Petersburg"]
[Date "2019.03.09"]
[Round "3.12"]
[White "Yarosh, Ruslan"]
[Black "Nekipelov, Dimitry"]
[Result "1/2-1/2"]
[WhiteElo "1977"]
[BlackElo "2197"]
[PlyCount "61"]
[EventDate "2019.03.07"]

1. d4 Nf6 2. Nf3 e6 3. Bg5 Be7 4. e3 h6 5. Bh4 Ne4 6. Bxe7 Qxe7 7. c3 b6 8.
Nbd2 Bb7 9. Nxe4 Bxe4 10. Bd3 Bxd3 11. Qxd3 a5 12. O-O O-O 13. e4 d6 14. Rfe1
Nd7 15. Nd2 a4 16. f4 c5 17. dxc5 Nxc5 18. Qf3 b5 19. Rad1 Rab8 20. a3 Rfd8 21.
Nf1 Qb7 22. f5 exf5 23. Qxf5 Re8 24. Rd5 Re6 25. Ng3 Rbe8 26. Rf1 Rf6 27. Qg4
Rxf1+ 28. Kxf1 g6 29. h4 Qe7 30. h5 Kh7 31. Kg1 1/2-1/2

[Event "NWFD Ch 2019 Men"]
[Site "St. Petersburg"]
[Date "2019.03.09"]
[Round "3.13"]
[White "Zasypkin, Alexey"]
[Black "Rumiantsev, Rafail"]
[Result "1-0"]
[WhiteElo "2184"]
[BlackElo "1982"]
[PlyCount "101"]
[EventDate "2019.03.07"]

1. d4 c5 2. d5 e5 3. c4 d6 4. e4 Nf6 5. Nc3 Be7 6. Nf3 O-O 7. Be2 Ne8 8. O-O g6
9. a3 Ng7 10. b4 Nd7 11. Ne1 Bg5 12. Nd3 b6 13. Nb5 Bxc1 14. Qxc1 Nf6 15. f4
Nxe4 16. fxe5 a6 17. Nxd6 Nxd6 18. exd6 Qxd6 19. bxc5 bxc5 20. Qf4 Qb6 21. Qf6
Qc7 22. Qf2 Bf5 23. Qxc5 Qd8 24. Nb4 Re8 25. Bf3 Rc8 26. Nc6 Qg5 27. Rae1 Bd3
28. Ne7+ Qxe7 29. Qxe7 Rxe7 30. Rxe7 Bxf1 31. Kxf1 Rxc4 32. Ra7 Nf5 33. Rxa6
Rc1+ 34. Kf2 Rc2+ 35. Ke1 Rc8 36. Kd2 Rd8 37. Kd3 h5 38. a4 Kf8 39. a5 Rd7 40.
Rb6 Nd6 41. a6 Ke7 42. Kd4 Nc8 43. Rb8 Rc7 44. Rb7 Kd6 45. Rxc7 Kxc7 46. Kc5
Na7 47. d6+ Kd7 48. Bb7 f6 49. Bf3 h4 50. h3 f5 51. Bd1 1-0

[Event "NWFD Ch 2019 Men"]
[Site "St. Petersburg"]
[Date "2019.03.09"]
[Round "3.14"]
[White "Mironov, Vadim"]
[Black "Ivanov, Rodion"]
[Result "1-0"]
[WhiteElo "2181"]
[BlackElo "1941"]
[PlyCount "63"]
[EventDate "2019.03.07"]

1. e4 c6 2. d4 d5 3. e5 Bf5 4. Be2 e6 5. Nf3 c5 6. O-O Nc6 7. Na3 Nge7 8. dxc5
Ng6 9. Be3 Ngxe5 10. Nxe5 Nxe5 11. c4 Be7 12. g4 Be4 13. f3 Bg6 14. f4 d4 15.
Qxd4 Qxd4 16. Bxd4 Nc6 17. Be3 f6 18. Rad1 h5 19. Nb5 Rc8 20. Nd6+ Bxd6 21.
Rxd6 Bf7 22. Rfd1 Rd8 23. b4 hxg4 24. b5 Rxd6 25. cxd6 Nd8 26. d7+ Kf8 27. Bxa7
f5 28. Bc5+ Kg8 29. Be7 Kh7 30. c5 e5 31. Bxd8 Rxd8 32. c6 1-0

[Event "NWFD Ch 2019 Men"]
[Site "St. Petersburg"]
[Date "2019.03.09"]
[Round "3.15"]
[White "Krasovskiy, Sviatoslav"]
[Black "Kuznetsov, Mikhail"]
[Result "0-1"]
[WhiteElo "2145"]
[BlackElo "1895"]
[PlyCount "126"]
[EventDate "2019.03.07"]

1. c4 e5 2. Nc3 Bb4 3. Qc2 Nc6 4. Nf3 d6 5. g3 Nge7 6. Bg2 O-O 7. O-O f5 8. d3
h6 9. a3 Bxc3 10. Qxc3 a5 11. b3 Qe8 12. Bb2 Qf7 13. b4 f4 14. b5 Nd8 15. d4 e4
16. Nd2 d5 17. cxd5 Nxd5 18. Qc1 Bg4 19. Bxe4 Bxe2 20. Qc5 Nf6 21. Bc2 Ne6 22.
Qf5 g6 23. Qe5 Bxf1 24. d5 Ng5 25. gxf4 Rae8 26. Qc3 Nh3+ 27. Kxf1 Nxf4 28. Ne4
N4xd5 29. Nxf6+ Qxf6 30. Qxf6 Nxf6 31. Bxg6 Re7 32. Bd4 b6 33. Rc1 Kg7 34. Bf5
Rd8 35. Rc4 Rd5 36. Bc2 Red7 37. Bc3 Rxb5 38. Ba4 Rb1+ 39. Kg2 Re7 40. Rc6 Rf7
41. Bc2 Rb5 42. Bd4 Rd5 43. Bc3 Rd6 44. Rc4 c5 45. Rg4+ Kf8 46. Rh4 Nd5 47. Be5
Re6 48. Bg3 b5 49. a4 b4 50. Bb3 Rf5 51. Rc4 Nb6 52. Rg4 c4 53. Bc2 Rg5 54.
Rf4+ Ke7 55. Kf3 Rg8 56. Bf5 Re1 57. Bh7 Rg7 58. Bh4+ Kd7 59. Rd4+ Ke6 60. Be4
Rf7+ 61. Kg2 Ke5 62. Rd8 Rxe4 63. Rb8 Rxh4 0-1

[Event "NWFD Ch 2019 Men"]
[Site "St. Petersburg"]
[Date "2019.03.09"]
[Round "3.16"]
[White "Pozdeev, Dmitry"]
[Black "Semenenko, Sergey"]
[Result "0-1"]
[WhiteElo "1370"]
[BlackElo "2143"]
[PlyCount "94"]
[EventDate "2019.03.07"]

1. e4 c5 2. Nf3 d6 3. d4 cxd4 4. Nxd4 Nf6 5. Nc3 a6 6. Qf3 e6 7. g4 h6 8. h4
Nbd7 9. g5 Ne5 10. Qg2 hxg5 11. hxg5 Rxh1 12. Qxh1 Nfd7 13. f4 Nc6 14. Nxc6
bxc6 15. Bh3 Nb6 16. f5 e5 17. Bg2 Bb7 18. a4 Qc7 19. a5 Nd7 20. Be3 O-O-O 21.
Qf1 Be7 22. Qc4 Rf8 23. Kf2 Qd8 24. Nd5 Bxg5 25. Ba7 Bd2 26. Nb6+ Nxb6 27. axb6
Qh4+ 28. Ke2 Qg3 29. Kxd2 Qxg2+ 30. Kc3 Qf3+ 31. Kd2 Rh8 32. Re1 Rh2+ 33. Kc1
Rh1 34. Rxh1 Qxh1+ 35. Kd2 Qg2+ 36. Ke3 Qg3+ 37. Ke2 Qh2+ 38. Ke1 Qh1+ 39. Kf2
Qh2+ 40. Kf1 Qh5 41. Qd3 Qh6 42. b3 Qf6 43. c4 c5 44. Ke2 Bc6 45. Qb1 Qh4 46.
Qa1 Qxe4+ 47. Kf2 Qf3+ 0-1

[Event "NWFD Ch 2019 Men"]
[Site "St. Petersburg"]
[Date "2019.03.09"]
[Round "3.17"]
[White "Skuratovich, Yakov"]
[Black "Iurtsius, Sergei"]
[Result "1-0"]
[WhiteElo "2101"]
[BlackElo "1841"]
[PlyCount "67"]
[EventDate "2019.03.07"]

1. e4 c5 2. Nf3 d6 3. Bb5+ Bd7 4. Bxd7+ Nxd7 5. c4 e5 6. O-O Ngf6 7. d3 Be7 8.
Nc3 O-O 9. Ne1 Qb6 10. Nc2 a6 11. Ne3 Rfe8 12. Rb1 Bf8 13. Ned5 Nxd5 14. Nxd5
Qc6 15. f4 b5 16. f5 Nb6 17. Nf6+ gxf6 18. Qg4+ Bg7 19. Bh6 Kf8 20. Bxg7+ Ke7
21. Bxf6+ Kd7 22. Qh5 Kc7 23. Qxf7+ Nd7 24. Bh4 Rf8 25. Qd5 Nb6 26. Qxc6+ Kxc6
27. b3 b4 28. Kf2 a5 29. a4 bxa3 30. Ra1 a4 31. Rxa3 axb3 32. Rxb3 Ra2+ 33. Kf3
Rg8 34. Rf2 1-0

[Event "NWFD Ch 2019 Men"]
[Site "St. Petersburg"]
[Date "2019.03.09"]
[Round "3.18"]
[White "Schetchikov, Vladimir"]
[Black "Andronov, Mikhail G"]
[Result "1/2-1/2"]
[WhiteElo "1814"]
[BlackElo "2187"]
[PlyCount "87"]
[EventDate "2019.03.07"]

1. Nf3 Nf6 2. c4 g6 3. g3 Bg7 4. Bg2 O-O 5. O-O d6 6. Nc3 c6 7. e4 e5 8. d4 Bg4
9. dxe5 Bxf3 10. Qxf3 dxe5 11. Rd1 Qe7 12. Bg5 Qe6 13. b3 Nbd7 14. Rd2 h6 15.
Be3 Ng4 16. Bh3 f5 17. Rad1 Ndf6 18. Bc5 Rf7 19. Qe2 h5 20. f3 Nh6 21. Rd8+
Rxd8 22. Rxd8+ Kh7 23. Bxa7 Qe7 24. Rd1 Qb4 25. Qc2 b6 26. Bb8 Ne8 27. Rd8 Qe7
28. Qd3 h4 29. Rc8 hxg3 30. hxg3 Qe6 31. Qd8 Re7 32. exf5 gxf5 33. Ne4 Nf7 34.
Bxf5+ Qxf5 35. Qxe7 Qxc8 36. Qxf7 Qxb8 37. Ng5+ Kh6 38. Ne6 e4 39. f4 Qd6 40.
Qxe8 Qd1+ 41. Kh2 e3 42. Nxg7 Qd2+ 43. Kh3 Kxg7 44. Qe7+ 1/2-1/2

[Event "NWFD Ch 2019 Men"]
[Site "St. Petersburg"]
[Date "2019.03.09"]
[Round "3.19"]
[White "Gashev, Matvei"]
[Black "Bratus, Petr P"]
[Result "1-0"]
[WhiteElo "1806"]
[BlackElo "2097"]
[PlyCount "131"]
[EventDate "2019.03.07"]

1. d4 Nf6 2. c4 e6 3. Nf3 d5 4. g3 c6 5. Bg2 Nbd7 6. cxd5 exd5 7. O-O Bd6 8.
Nc3 O-O 9. Bf4 Qc7 10. Bxd6 Qxd6 11. Qc2 Re8 12. e3 h6 13. Rab1 Nf8 14. Ne5 Ng4
15. Nxg4 Bxg4 16. b4 a6 17. a4 Qf6 18. Qb3 Bf3 19. b5 axb5 20. axb5 Nh7 21. h4
g5 22. Bxf3 Qxf3 23. Qd1 Qf5 24. Qh5 Kg7 25. Kg2 Nf6 26. Qf3 Qd3 27. hxg5 hxg5
28. Rbc1 Re6 29. bxc6 bxc6 30. Rfd1 Qg6 31. Rh1 Ra3 32. g4 Ra8 33. Rh3 Rae8 34.
Rch1 Qd3 35. Ne2 Qe4 36. Ng3 Qxg4 37. Rh7+ Kf8 38. Qxg4 Nxg4 39. Nf5 Rg6 40.
Rh8+ Rg8 41. R1h7 Nf6 42. Nh6 Nxh7 43. Rxg8+ Ke7 44. Rg7 Nf6 45. Rxf7+ Ke6 46.
Rc7 Kd6 47. Rg7 g4 48. Rg6 Re6 49. Nxg4 Nxg4 50. Rxg4 c5 51. dxc5+ Kxc5 52. Rd4
Kd6 53. Kf3 Ke5 54. Rh4 Rf6+ 55. Ke2 Ke6 56. Rh5 Rf8 57. Rh6+ Ke7 58. Ra6 Kd7
59. Ra4 Ke6 60. f4 Rb8 61. Kd3 Rb1 62. Ra6+ Ke7 63. Kd4 Rb3 64. f5 Kd7 65. Ra5
Kc6 66. Rc5+ 1-0

[Event "NWFD Ch 2019 Men"]
[Site "St. Petersburg"]
[Date "2019.03.09"]
[Round "3.20"]
[White "Ananjev, Ilija"]
[Black "Napalkov, Vladimir"]
[Result "0-1"]
[WhiteElo "1755"]
[BlackElo "2034"]
[PlyCount "99"]
[EventDate "2019.03.07"]

1. d4 d5 2. Nf3 Nf6 3. Bg5 e6 4. Nbd2 Be7 5. e3 O-O 6. Bd3 c5 7. c3 Nc6 8. O-O
h6 9. Bh4 Nd7 10. Bxe7 Qxe7 11. Qe2 e5 12. dxe5 Ndxe5 13. Nxe5 Nxe5 14. Rad1
Nxd3 15. Qxd3 Be6 16. Nf3 Rad8 17. e4 Qc7 18. exd5 Rxd5 19. Qc2 Qf4 20. Rxd5
Bxd5 21. a3 Bxf3 22. gxf3 Qxf3 23. Re1 Rd8 24. Qe4 Qxe4 25. Rxe4 Rd2 26. Re8+
Kh7 27. b4 Ra2 28. Re7 Rxa3 29. Rxb7 cxb4 30. cxb4 f5 31. b5 Kg6 32. b6 axb6
33. Rxb6+ Kg5 34. Kg2 Kh5 35. Rb4 g5 36. Rb5 Kg4 37. Rb4+ f4 38. Rc4 h5 39. Kg1
h4 40. Rc1 Rd3 41. Rf1 h3 42. Re1 Kf3 43. Ra1 Ke2 44. Rf1 Rd1 45. Rxd1 Kxd1 46.
Kf1 Kd2 47. Kg1 Ke2 48. Kh1 Kf1 49. f3 Ke2 50. Kg1 0-1

[Event "NWFD Ch 2019 Men"]
[Site "St. Petersburg"]
[Date "2019.03.09"]
[Round "3.21"]
[White "Zhuravlev, Aleksandr"]
[Black "Petrov, Alexandr"]
[Result "1-0"]
[WhiteElo "2021"]
[BlackElo "1793"]
[PlyCount "75"]
[EventDate "2019.03.07"]

1. d4 d6 2. e4 g6 3. c4 Bg7 4. Nc3 Nd7 5. Nf3 e5 6. Bg5 Ngf6 7. Be2 exd4 8.
Nxd4 O-O 9. Qd2 Re8 10. O-O Nc5 11. Qf4 a5 12. Rad1 Bd7 13. f3 Bc6 14. Rfe1
Ncd7 15. Kh1 Qb8 16. Nd5 Nh5 17. Qd2 Bxd5 18. cxd5 Re5 19. Be3 Qd8 20. g4 Nhf6
21. Nb3 a4 22. Na5 c5 23. Nc4 Qe7 24. Bf4 Re8 25. Bd3 b5 26. Nxe5 dxe5 27. Be3
c4 28. Bc2 Ra8 29. d6 Qd8 30. Qb4 Qb8 31. g5 Ne8 32. Rd5 Bf8 33. Red1 Ra6 34.
Rxb5 Qc8 35. Rbd5 Qc6 36. Qb5 Nxd6 37. Qxc6 Rxc6 38. Bxa4 1-0

[Event "NWFD Ch 2019 Men"]
[Site "St. Petersburg"]
[Date "2019.03.09"]
[Round "3.22"]
[White "Trushnikov, Viacheslav"]
[Black "Arkhipov, Vladislav"]
[Result "0-1"]
[WhiteElo "1734"]
[BlackElo "2019"]
[PlyCount "94"]
[EventDate "2019.03.07"]

1. c4 e5 2. Nc3 Bb4 3. Nd5 Bc5 4. d3 c6 5. Nc3 d5 6. cxd5 cxd5 7. Nf3 Nc6 8. e3
Nf6 9. Nxe5 Nxe5 10. d4 Bd6 11. dxe5 Bxe5 12. Bb5+ Bd7 13. Bxd7+ Qxd7 14. Qb3
O-O 15. O-O Rfd8 16. h3 Rac8 17. Ne2 Rc4 18. Qd3 Ne4 19. Rb1 Nc5 20. Qd1 Rh4
21. f4 Bc7 22. Nd4 Rh6 23. b4 Ne4 24. Qg4 Qxg4 25. hxg4 Ng3 26. Bb2 Rh1+ 27.
Kf2 Rxf1+ 28. Rxf1 Nxf1 29. Kxf1 Re8 30. Kf2 Bb6 31. a4 Rc8 32. a5 Bxd4 33.
Bxd4 Rc2+ 34. Kf3 a6 35. g5 Kf8 36. f5 Rc4 37. g4 Ke7 38. Bc5+ Kd7 39. Bf8 g6
40. f6 Kc6 41. Be7 b6 42. axb6 Kxb6 43. Bf8 Kb5 44. Be7 Rxb4 45. Bxb4 Kxb4 46.
e4 dxe4+ 47. Kxe4 Kc5 0-1

[Event "NWFD Ch 2019 Men"]
[Site "St. Petersburg"]
[Date "2019.03.09"]
[Round "3.23"]
[White "Ponikarovsky, Alexey"]
[Black "Mikhailov, Stepan"]
[Result "1/2-1/2"]
[WhiteElo "1991"]
[BlackElo "1958"]
[PlyCount "30"]
[EventDate "2019.03.07"]

1. d4 d5 2. c4 e6 3. Nc3 Nf6 4. cxd5 exd5 5. Bg5 Be7 6. e3 O-O 7. Bd3 Be6 8.
Nge2 Nbd7 9. O-O h6 10. Bh4 c5 11. Rc1 Rc8 12. Bb1 Re8 13. f3 cxd4 14. exd4 a6
15. Bf2 Bd6 1/2-1/2

[Event "NWFD Ch 2019 Men"]
[Site "St. Petersburg"]
[Date "2019.03.09"]
[Round "3.24"]
[White "Poklonskiy, Nikolay"]
[Black "Lvov, Nikita"]
[Result "0-1"]
[WhiteElo "1757"]
[BlackElo "1936"]
[PlyCount "48"]
[EventDate "2019.03.07"]

1. d4 Nf6 2. c4 g6 3. Nc3 d5 4. Nf3 Bg7 5. e3 c5 6. cxd5 Nxd5 7. g3 Nc6 8. Bg2
O-O 9. O-O Bg4 10. Qb3 Be6 11. Qxb7 Ndb4 12. Qb5 cxd4 13. Nxd4 Nxd4 14. exd4
Nc2 15. Bxa8 Qxa8 16. Bg5 Nxd4 17. Qa5 Nf3+ 18. Kh1 Nxg5+ 19. f3 Nxf3 20. Kg2
Nh4+ 21. Kf2 Qf3+ 22. Ke1 Ng2+ 23. Kd2 Bh6+ 24. Kc2 Ne3+ 0-1

[Event "NWFD Ch 2019 Men"]
[Site "St. Petersburg"]
[Date "2019.03.09"]
[Round "3.25"]
[White "Chuklin, Alexey"]
[Black "Nikitin, Vladimir"]
[Result "1-0"]
[WhiteElo "1875"]
[BlackElo "1817"]
[PlyCount "57"]
[EventDate "2019.03.07"]

1. d4 Nf6 2. Nc3 d6 3. e4 g6 4. Nf3 Bg7 5. Be3 c6 6. Be2 Na6 7. Qd2 Qa5 8. a3
Ng4 9. Bf4 e5 10. dxe5 dxe5 11. Bg3 O-O 12. h3 Rd8 13. Bd3 Nf6 14. O-O Nh5 15.
b4 Qc7 16. Qe3 b6 17. Bc4 Qe7 18. Bh4 Nf6 19. Rad1 Bb7 20. Qg5 Re8 21. Rd3 h6
22. Qxg6 Rad8 23. Rfd1 Rxd3 24. Rxd3 Nb8 25. Nxe5 Qxe5 26. Bxf7+ Kf8 27. Bxe8
Nxe8 28. Rf3+ Kg8 29. Qf7+ 1-0